| 000 | 00985 a2200301 4500 | ||
|---|---|---|---|
| 999 |
_c200420401 _d37005 |
||
| 001 | 200420401 | ||
| 003 | TR-AnTOB | ||
| 005 | 20200910000816.0 | ||
| 008 | 141027e2003 tu 000 1 | ||
| 040 |
_aTR-AnTOB _btur _erda _cTR-AnTOB |
||
| 041 | _atur | ||
| 050 | 0 |
_aPL248.C875 _bZ552 2003 |
|
| 090 | _aPL248.C875 Z552 2003 | ||
| 100 | 1 |
_aDoğan, Can Mehmet _9101463 |
|
| 245 | 1 | 0 |
_aA'dan Z'ye Asaf Hâlet Çelebi / _chazırlayan Mehmet Can Doğan. |
| 264 | 1 |
_aİstanbul: _bYapı Kredi Yayınları, _c2003. |
|
| 300 |
_a61 sayfa : _bresim ; _c21 cm. |
||
| 336 |
_atext _2rdacontent _btxt |
||
| 337 |
_aunmediated _2rdamedia _bn |
||
| 338 |
_avolume _2rdacarrier _bnc |
||
| 600 | 0 |
_aÇelebi, Asaf Halet, _d1907-1958 _xCriticism and interpretation _960274 |
|
| 600 | 1 | 0 |
_aÇelebi, Asaf Halet, _d1907-1958 _xAppreciation _9119048 |
| 650 | 0 |
_aTurkish literature _97783 |
|
| 650 | 0 |
_aTürk edebiyatı _986354 |
|
| 700 |
_aDoğan, Mehmet Can _980527 |
||
| 942 |
_cBK _2lcc |
||